| 000 | 00976nam a2200241 a 4500 | ||
|---|---|---|---|
| 003 | BD-DhJNU | ||
| 005 | 20251229065725.0 | ||
| 008 | 251108s2024 bg |||g |||| 000 1|ben|d | ||
| 020 | _a9789849915294 | ||
| 040 |
_aBD-DhJNU _bben _cBD-DhJNU _dBD-DhJNU |
||
| 041 | _aben | ||
| 082 |
_a418.0209 ASA _223 |
||
| 100 | _aআসাদুজ্জামান, মুহাম্মদ | ||
| 245 | 1 | 0 |
_aঅনুবাদের ইতিবৃত্ত / _cমুহাম্মদ আসাদুজ্জামান |
| 246 | _aAnubader etibritto | ||
| 250 | _a1st ed. | ||
| 260 |
_aঢাকা : _bপুথি প্রকাশ, _c2024. |
||
| 300 |
_a২৬৪ পৃ. : _bচিত্র ; _c২২ সেমি.। |
||
| 504 | _aগ্রন্থপঞ্জিগত নির্দেশিকা ও নিঘন্ট অন্তভূক্ত | ||
| 650 | _aঅনুবাদের ইতিহাস | ||
| 650 | _aHistory of translation | ||
| 942 | _cBK | ||
| 999 |
_c2466 _d2466 |
||